000
00243nam a22000857a 4500
008
160917b xxu||||| |||| 00| 0 eng d
100
_9
626
_a
Tayal B.B
245
_a
Indian Constitution & Political Theory-XI
260
_a
New Delhi
_b
AP publication
_c
2009
999
_c
3285
_d
3285